00301nam a2200121Ia 4500008004100000100002100041245004800062260002400110300000900134650001400143942000700157999001500164190216s9999||||xx |||||||||||||| ||und|| aWesley E Lingren 0aInorganic Nomenclature A Programmed Approch bPrentice Hallc1980 a168p aChemistry cBK c2264d2264